000 00551nam a2200229Ia 4500
003 OSt
005 20221005124243.0
006 a|||||r|||| 00| 0
007 ta
008 221004b |||||||| |||| 00| 0 ara d
024 _a7863
037 _cTextual
040 _aCRL
_cCRL
_bara
041 _2ara
_aara
082 _aV677.N1, 28N35
100 _aSalahudin
_9634926
245 0 _aMisr binah al khalaq
260 _c1935
650 _aHISTORY
942 _hV677.N1, 28N35
_cTEXL
_2cc
999 _c1049897
_d1049897